00731nam a2200205Ia 4500001002100000003000900021008004100030040002300071041001300094100001900107240005800126245006600184250001500250260003500265300002500300490000900325500003300334501012400367700003400491263-NOC ad ce (1158)IT-MiSPE171229s9999||||xx |||||||||||||| ||und|| aIT-MiSPEcIT-MiSPE aITALIANO aAdrien Nocent  aCelebrer Jésus-Christ: Triduum pascal; Temps pascal 0aCelebrare Gesù Cristo: L'anno liturgicobIV. Tempo pasquale a1a ed. (v) aAssisibCittadellac(st.) 1977 a407 p. [7 v.]c17 cm v 4° aLezionario festivo e feriale aEdizioni San Paolo srl - Piazza Soncino, 5 - 20092 CINISELLO BALSAMO (MI) (non commercial uses only) ® Copyright 2018 aVirginia Paganig(traduzione)